Welcome to WEB OPAC of MRSPTU Central Library

Engineering drawing with a primer on autocad (Record no. 5517)

MARC details
000 -LEADER
fixed length control field 00482nam a2200181Ia 4500
008 - FIXED-LENGTH DATA ELEMENTS--GENERAL INFORMATION
fixed length control field 230711s9999||||xx |||||||||||||| ||und||
020 ## - INTERNATIONAL STANDARD BOOK NUMBER
International Standard Book Number 978-81-203-2440-4
041 ## - LANGUAGE CODE
Language code of text/sound track or separate title ENG
082 ## - DEWEY DECIMAL CLASSIFICATION NUMBER
Classification number 604.2
Item number SI-E
100 ## - MAIN ENTRY--PERSONAL NAME
Personal name Siddiquee,Arshad Noor
245 #0 - TITLE STATEMENT
Title Engineering drawing with a primer on autocad
250 ## - EDITION STATEMENT
Edition statement 1st . Ed.
260 ## - PUBLICATION, DISTRIBUTION, ETC.
Date of publication, distribution, etc. 2004
Place of publication, distribution, etc. New Delhi
Name of publisher, distributor, etc. PHI Learning Private Limited
300 ## - PHYSICAL DESCRIPTION
Extent 312
650 ## - SUBJECT ADDED ENTRY--TOPICAL TERM
Topical term or geographic name entry element Mechanical Engineering
700 ## - ADDED ENTRY--PERSONAL NAME
Personal name Khan,Zahid A
942 ## - ADDED ENTRY ELEMENTS (KOHA)
Koha item type Book
Holdings
Withdrawn status Lost status Damaged status Not for loan Collection Home library Current library Date acquired Total checkouts Full call number Barcode Date last seen Price effective from Koha item type
          MRSPTU Central Library MRSPTU Central Library     604.2 SI-E 22805 08/17/2023 08/17/2023 Book
          MRSPTU Central Library MRSPTU Central Library     604.2 SI-E 22806 08/17/2023 08/17/2023 Book
          MRSPTU Central Library MRSPTU Central Library     604.2 SI-E 22807 08/17/2023 08/17/2023 Book
          MRSPTU Central Library MRSPTU Central Library     604.2 SI-E 22808 08/17/2023 08/17/2023 Book
          MRSPTU Central Library MRSPTU Central Library     604.2 SI-E 22809 08/17/2023 08/17/2023 Book
          MRSPTU Central Library MRSPTU Central Library     604.2 SI-E 22810 08/17/2023 08/17/2023 Book
          MRSPTU Central Library MRSPTU Central Library     604.2 SI-E 22811 08/17/2023 08/17/2023 Book
          MRSPTU Central Library MRSPTU Central Library     604.2 SI-E 22812 08/17/2023 08/17/2023 Book
          MRSPTU Central Library MRSPTU Central Library     604.2 SI-E 22813 08/17/2023 08/17/2023 Book
          MRSPTU Central Library MRSPTU Central Library     604.2 SI-E 22814 08/17/2023 08/17/2023 Book
          MRSPTU Central Library MRSPTU Central Library     604.2 SI-E 22815 08/17/2023 08/17/2023 Book
          MRSPTU Central Library MRSPTU Central Library     604.2 SI-E 22816 08/17/2023 08/17/2023 Book
          MRSPTU Central Library MRSPTU Central Library     604.2 SI-E 22817 08/17/2023 08/17/2023 Book
          MRSPTU Central Library MRSPTU Central Library     604.2 SI-E 22818 08/17/2023 08/17/2023 Book
          MRSPTU Central Library MRSPTU Central Library     604.2 SI-E 22819 08/17/2023 08/17/2023 Book

Website Designed and Developed by MRSPTU Central Library Team

E-mail Id: librarian@mrsptu.ac.in